000 00995nac a22002657a 4500
001 BR7000964
003 BR-BrBNA
005 20240105113411.0
008 230509b bl.|||m| |||| 00| 0 por d
040 _aBR-BrBNA
_bpor
_cBiblioteca Nacional de Agricultura
072 _aE15; E70; L00
090 _aE15 BR7000964
110 1 _aDepartamento Nacional de Inspecao de Produtos de Origem Animal, Brasilia, DF (Brasil)
_93284
245 1 _aProducao e exportacao de produtos de origem animal sob inspecao federal. Movimento estatistico ano de 1971 [Brasil]
260 3 _aBrasilia, DF (Brasil):
_c1973.
300 _a70 p.
490 _aProducao e Exportacao Internacional de Produtos de Origem Animal sob Inspecao Federal. Movimento Estatistico (Brazil)
_v
_x
500 _aNumerical data
650 _aPRODUCAO ANIMAL
650 _aABATE
650 _aESTATISTICA DE PRODUCAO
650 _aINSPECAO SANITARIA
909 _a202312
_bLúcia Elande
_c55
_dLúcia Elande
942 _2AGRIS
_n0
_cMS
999 _c263510
_d263510